| 000 | 00476nam a2200193Ia 4500 | ||
|---|---|---|---|
| 001 | 18704 | ||
| 003 | GE_BSU | ||
| 008 | 181216s||||||||xx |||||||||||||| ||und|| | ||
| 040 | _cGE_BSU | ||
| 245 | _aParis Match, du 10 AU 16 novembre.2016. №3521 | ||
| 245 | _b№3521 | ||
| 260 | _aParis | ||
| 260 | _c2016 | ||
| 300 | _a115p;il,29cm. | ||
| 653 | _adu 10 AU 16 novembre.2016. №3521 | ||
| 653 | _aParis Match | ||
| 653 | _aპერიოდიკა | ||
| 942 | _cCR | ||
| 999 |
_c51713 _d51713 |
||